000 nam a22 7a 4500
999 _c7698
_d7698
008 170928b xxu||||| |||| 00| 0 eng d
100 _94185
_aUppal.etal.
245 _aPhysical Education
260 _aNew Delhi
_bFriends
_c2009